00790nam a2200229 a 450000100060000000300080000600500170001400800410003102000280007203500190010004000320011904100080015108200260015910000400018524501090022525000120033426000670034630000320041350400560044565000250050170000340052667139BD-RjUL20211209081623.0990806s2000 enka b 000 0 eng  a0471851914 (alk. paper) a(BD-RjUL)67270 aDLCcDLCdDLCdBD-RjULbeng aeng00223a595.752bBLA 20001 aBlackman, R. L.q(Roger L.),d1941-10aAphids on the world's crops :ban identification and information guide /cR.L. Blackman and V.F. Eastop. a2nd ed. aChichester, West Sussex, England ;aNew York :bWiley,cc2000. ax, 466 p. :bill. ;c26 cm. aIncludes bibliographical references (p. [375]-414). 0aAphidsxHost plants.1 aEastop, V. F.q(Victor Frank)